[Event "zonal 3.3 (w)"]
[Site "Ho Chi Minh City VIE"]
[Date "2009.07.23"]
[Round "2"]
[White "Cua, Sherily"]
[Black "Citra, Dewi Andhiani Anastasia"]
[Result "1-0"]
[WhiteElo "2174"]
[BlackElo "1923"]
[EventDate "2009.07.23"]
[PlyCount "61"]

1.d4 Nf6 2.c4 g6 3.Nc3 Bg7 4.e4 d6 5.f3 O-O 6.Be3 b6 7.Qd2 c5 8.Nge2 cxd4 
9.Nxd4 Bb7 10.Be2 Re8 11.O-O Nbd7 12.Rac1 Rc8 13.Rfd1 Ne5 14.Nd5 Nxd5 15.
cxd5 Qd7 16.Bb5 Qd8 17.Bxe8 Qxe8 18.Rxc8 Qxc8 19.b3 Ba6 20.Rc1 Qb7 21.Qc3 
Nd3 22.Rc2 Nc5 23.b4 e5 24.Nc6 Nd7 25.Nd8 Qb8 26.Qc7 Bb5 27.Qxb8 Nxb8 28.
Rc8 Nd7 29.Ne6+ Nf8 30.Nxf8 Ba6 31.Rb8 1-0

[Event "zonal 3.3 (w)"]
[Site "Ho Chi Minh City VIE"]
[Date "2009.07.23"]
[Round "2"]
[White "Rivera, Daisy"]
[Black "Tran Le Dan Thuy"]
[Result "1-0"]
[WhiteElo "2087"]
[BlackElo "1780"]
[EventDate "2009.07.23"]
[PlyCount "85"]

1.e4 c5 2.Nc3 e6 3.g3 b6 4.Bg2 Bb7 5.Nge2 Nf6 6.O-O Be7 7.h3 O-O 8.d3 Nc6 
9.g4 Na5 10.Ng3 d5 11.g5 Ne8 12.exd5 exd5 13.Qh5 Nc7 14.Re1 Ne6 15.h4 Nd4 
16.Qd1 f6 17.Nce2 Nac6 18.Nxd4 Nxd4 19.c3 Nc6 20.Nf5 Re8 21.Nxe7+ Nxe7 22.
gxf6 gxf6 23.Bh6 Kh8 24.Qf3 Qd6 25.Bf4 Qc6 26.d4 cxd4 27.cxd4 Nf5 28.Qh5 
Nxd4 29.Rac1 Rxe1+ 30.Rxe1 Ne6 31.Bg3 Ng7 32.Qf7 Rg8 33.Re7 Ba8 34.Bf4 Qc2
35.Qxf6 Qf5 36.Qxf5 Nxf5 37.Be5+ Ng7 38.Rxa7 h5 39.Bxg7+ Kh7 40.Be5+ Kg6 
41.Bh3 Re8 42.Rg7+ Kh6 43.Bf5 1-0

[Event "zonal 3.3 (w)"]
[Site "Ho Chi Minh City VIE"]
[Date "2009.07.24"]
[Round "3"]
[White "Le Thi Phuong Lien"]
[Black "Pham Le Thao Nguyen"]
[Result "1-0"]
[WhiteElo "2216"]
[BlackElo "2314"]
[EventDate "2009.07.23"]
[PlyCount "95"]

1.e4 c5 2.Nf3 e6 3.c4 a6 4.d4 cxd4 5.Nxd4 Nf6 6.Nc3 Qc7 7.a3 Nc6 8.Be3 Be7
9.Be2 d6 10.O-O Bd7 11.Rc1 O-O 12.f3 Nxd4 13.Bxd4 Rac8 14.Qd2 Qb8 15.b4 e5
16.Bb6 Be6 17.Nd5 Bxd5 18.exd5 Nd7 19.Bf2 Qc7 20.c5 h6 21.c6 Nb6 22.Be3 
Bg5 23.Bxg5 hxg5 24.Rfd1 Na4 25.Qc2 b5 26.Qf5 Qe7 27.Qd7 Qf6 28.c7 e4 29.
Qc6 Qb2 30.Rc2 Qxa3 31.fxe4 Qe3+ 32.Kh1 Qxe4 33.Bd3 Qe5 34.Rf1 g6 35.h3 g4
36.Qd7 g3 37.Qg4 Kg7 38.Bf5 Nb6 39.Bxc8 Nxc8 40.Rd2 Kg8 41.Rd3 Nb6 42.Qxg3
Qe7 43.Qf2 Qxc7 44.Rg3 Re8 45.Qf6 Qe7 46.Rxg6+ fxg6 47.Qxg6+ Kh8 48.Rf5 
1-0

[Event "zonal 3.3 (w)"]
[Site "Ho Chi Minh City VIE"]
[Date "2009.07.24"]
[Round "3"]
[White "Nguyen Quynh Anh"]
[Black "Le Thanh Tu"]
[Result "1-0"]
[WhiteElo "2102"]
[BlackElo "2310"]
[EventDate "2009.07.23"]
[PlyCount "75"]

1.e4 c5 2.Nf3 d6 3.c3 Nf6 4.h3 Nc6 5.Bd3 g6 6.Bc2 Bg7 7.O-O O-O 8.Re1 Qc7 
9.d3 b5 10.Be3 Rb8 11.Nbd2 b4 12.Rc1 bxc3 13.bxc3 Ba6 14.d4 Nd7 15.Bb1 Na5
16.Nh2 Nb6 17.f4 Nbc4 18.Nxc4 Nxc4 19.Bf2 Rb2 20.Re2 Rb6 21.Bd3 Rfb8 22.
Qf1 Na3 23.Bxa6 Rxa6 24.e5 cxd4 25.cxd4 Rc6 26.Ree1 Rc8 27.Rxc6 Qxc6 28.
Qd3 Nc4 29.d5 Qa4 30.exd6 exd6 31.Ng4 Qxa2 32.Bd4 Qa5 33.Rd1 Qxd5 34.Qc3 
Bxd4+ 35.Rxd4 Qa5 36.Qd3 Qc5 37.Kh2 Qf5 38.Nh6+ 1-0

[Event "zonal 3.3 (w)"]
[Site "Ho Chi Minh City VIE"]
[Date "2009.07.24"]
[Round "3"]
[White "Kharisma Sukandar, Irine"]
[Black "Vo Thi Kim Phung"]
[Result "1-0"]
[WhiteElo "2311"]
[BlackElo "2073"]
[EventDate "2009.07.23"]
[PlyCount "85"]

1.e4 c5 2.Nf3 Nc6 3.d4 cxd4 4.Nxd4 Nf6 5.Nc3 g6 6.Be2 Bg7 7.Nb3 O-O 8.O-O 
d6 9.Bg5 a6 10.f4 b5 11.Bf3 Bb7 12.Kh1 h6 13.Bh4 Nh7 14.Rb1 g5 15.Bg3 Na5 
16.Nxa5 Qxa5 17.Nd5 Bxd5 18.Qxd5 Rac8 19.c3 Nf6 20.Qd3 g4 21.Be2 Rfd8 22.
Qc2 b4 23.c4 d5 24.e5 Ne4 25.Bh4 Qc5 26.Bd3 f5 27.exf6 Bxf6 28.Bxe4 Bxh4 
29.Bxd5+ Kh8 30.Qg6 Rd6 31.Be6 Rxe6 32.Qxe6 Bf6 33.b3 Rg8 34.Rbd1 Qa5 35.
Rd7 Rg7 36.Rfd1 Qxa2 37.Rd8+ Kh7 38.Qe4+ Rg6 39.Rg8 Bg7 40.Rxg7+ Kxg7 41.
Qxe7+ Kh8 42.Rd8+ Rg8 43.Qf6+ 1-0

[Event "zonal 3.3 (w)"]
[Site "Ho Chi Minh City VIE"]
[Date "2009.07.24"]
[Round "3"]
[White "Perena, Catherine"]
[Black "Batkhuyag, Munguntuul"]
[Result "0-1"]
[WhiteElo "2092"]
[BlackElo "2412"]
[EventDate "2009.07.23"]
[PlyCount "104"]

1.d4 Nf6 2.c4 g6 3.g3 Bg7 4.Bg2 O-O 5.Nc3 d6 6.Nf3 Nbd7 7.O-O c5 8.e4 cxd4
9.Nxd4 Ne5 10.b3 Bg4 11.f3 Bd7 12.Be3 a6 13.Qd2 Rc8 14.Rac1 Qa5 15.h3 Rfe8
16.Qf2 Nd3 17.Qd2 Nxc1 18.Rxc1 b5 19.cxb5 axb5 20.Bf1 b4 21.Nce2 e5 22.Nc2
Qxa2 23.Nxb4 Qxb3 24.Kf2 Be6 25.Rxc8 Rxc8 26.Bg5 Rb8 27.Nd3 d5 28.Nec1 
Qb6+ 29.Be3 d4 30.Bh6 Nd7 31.h4 Nc5 32.h5 Nxd3+ 33.Nxd3 f6 34.Bxg7 Kxg7 
35.h6+ Kf7 36.f4 Ra8 37.Qc1 Rc8 38.Qa3 Qc7 39.Be2 Bc4 40.fxe5 fxe5 41.Bg4 
Bxd3 42.Bxc8 Qc2+ 43.Kg1 Qd1+ 44.Kf2 Qe2+ 45.Kg1 Qe1+ 46.Kh2 Qf2+ 47.Kh3 
Bf1+ 48.Kg4 Qe2+ 49.Qf3+ Ke7 50.Qxe2 Bxe2+ 51.Kg5 d3 52.Ba6 Bf1 0-1

[Event "zonal 3.3 (w)"]
[Site "Ho Chi Minh City VIE"]
[Date "2009.07.24"]
[Round "3"]
[White "Nguyen Thi Tuong Van"]
[Black "Pham Bich Ngoc"]
[Result "0-1"]
[WhiteElo "2246"]
[BlackElo "2105"]
[EventDate "2009.07.23"]
[PlyCount "106"]

1.e4 c5 2.Nf3 Nc6 3.d4 cxd4 4.Nxd4 g6 5.Nc3 Bg7 6.Be3 Nf6 7.Bc4 O-O 8.Bb3 
d6 9.f3 Bd7 10.Qd2 Rc8 11.O-O-O Ne5 12.Kb1 Nc4 13.Bxc4 Rxc4 14.g4 Qc7 15.
g5 Nh5 16.Nd5 Qd8 17.b3 Rc8 18.Ne2 Be6 19.Ndf4 Nxf4 20.Nxf4 Bc3 21.Qf2 Qa5
22.Nd5 Bxd5 23.Rxd5 Qb4 24.h4 Rc6 25.Bd4 Rfc8 26.Bxc3 Qxc3 27.Rh2 a5 28.a4
Rc5 29.Rd3 Qb4 30.Qd2 Qb6 31.Qe3 Qc7 32.Qc1 b5 33.axb5 Rxb5 34.h5 a4 35.
hxg6 fxg6 36.Qb2 Rxg5 37.bxa4 Rb8 38.Rb3 Rg1+ 39.Ka2 Qc4 40.Ka3 Qc5+ 41.
Ka2 Qc4 42.Ka3 Rf8 43.Rb8 Ra1+ 44.Qxa1 Qc5+ 45.Rb4 Rxf3+ 46.c3 Rxc3+ 47.
Qxc3 Qxc3+ 48.Rb3 Qe1 49.Rhb2 h5 50.Rb1 Qxe4 51.a5 Qe5 52.Ka4 Qe2 53.Rb6 
Qa2+ 0-1

[Event "zonal 3.3 (w)"]
[Site "Ho Chi Minh City VIE"]
[Date "2009.07.24"]
[Round "3"]
[White "Pham Thi Ngoc Tu"]
[Black "Le Kieu Thien Kim"]
[Result "1/2-1/2"]
[WhiteElo "2089"]
[BlackElo "2250"]
[EventDate "2009.07.23"]
[PlyCount "49"]

1.e4 d5 2.exd5 Qxd5 3.Nc3 Qa5 4.d4 Nf6 5.Bd3 c6 6.Ne2 Bg4 7.O-O e6 8.Bf4 
Nbd7 9.a3 Be7 10.Qd2 Qd8 11.Ng3 Nh5 12.Nxh5 Bxh5 13.Ne4 O-O 14.Ng3 Bg6 15.
Bxg6 hxg6 16.Rad1 Nf6 17.c4 Bd6 18.Bxd6 Qxd6 19.Qc3 Rfd8 20.Qc2 Rd7 21.b4 
Rad8 22.f4 Qc7 23.Qc3 b5 24.Ne2 Ne4 25.Qf3 1/2-1/2

[Event "zonal 3.3 (w)"]
[Site "Ho Chi Minh City VIE"]
[Date "2009.07.24"]
[Round "3"]
[White "Hoang Thi Nhu Y"]
[Black "Lkhamsuren, Uuganbayar"]
[Result "0-1"]
[WhiteElo "2119"]
[BlackElo "2144"]
[EventDate "2009.07.23"]
[PlyCount "68"]

1.d4 d5 2.Nf3 Nf6 3.e3 Bf5 4.c4 e6 5.Qb3 Nc6 6.c5 Qc8 7.Bb5 Nd7 8.Qa4 Nd8 
9.g4 Bg6 10.b4 c6 11.Be2 h5 12.g5 h4 13.b5 Be7 14.Rg1 Kf8 15.bxc6 Nxc6 16.
Ba3 Qc7 17.Rg4 Bf5 18.Rf4 g6 19.Nc3 Qa5 20.Qxa5 Nxa5 21.Rxh4 Kg7 22.Bb5 
Nb6 23.Ke2 Nbc4 24.Bc1 b6 25.cxb6 axb6 26.Rxh8 Rxh8 27.Nd2 Bb4 28.Na4 Nd6 
29.Bd3 Bg4+ 30.Kf1 b5 31.Nc5 Rxh2 32.Kg1 Rh4 33.Rb1 Bxd2 34.Bxd2 Bf3 0-1

[Event "zonal 3.3 (w)"]
[Site "Ho Chi Minh City VIE"]
[Date "2009.07.24"]
[Round "3"]
[White "Hoang Thi Bao Tram"]
[Black "Aulia, Medina Warda"]
[Result "1/2-1/2"]
[WhiteElo "2274"]
[BlackElo "1945"]
[EventDate "2009.07.23"]
[PlyCount "92"]

1.d4 d5 2.c4 Nf6 3.Nc3 c6 4.Nf3 e6 5.cxd5 exd5 6.Qc2 Bd6 7.Bg5 O-O 8.e3 
Re8 9.Bd3 h6 10.Bh4 Bg4 11.Qb3 b6 12.O-O Nbd7 13.Rac1 Rc8 14.Nd2 Bb8 15.
Rfe1 g5 16.Bg3 Bxg3 17.hxg3 Kg7 18.Qa3 a5 19.f3 Be6 20.Qd6 Rh8 21.g4 h5 
22.gxh5 g4 23.Kf2 Rxh5 24.Rh1 Qh8 25.Rxh5 Qxh5 26.Ne2 Qh6 27.Qf4 c5 28.
Qxh6+ Kxh6 29.b3 Nb8 30.dxc5 bxc5 31.Nf4 Nbd7 32.Nxe6 fxe6 33.e4 Kg5 34.
exd5 exd5 35.Re1 Re8 36.Rxe8 Nxe8 37.g3 gxf3 38.Nxf3+ Kg4 39.Be2 Kf5 40.
Bd3+ Kg4 41.Be2 Kf5 42.Ke3 Ndf6 43.Nh4+ Kg5 44.Nf3+ Kf5 45.Nh4+ Kg5 46.
Nf3+ Kf5 1/2-1/2

[Event "zonal 3.3 (w)"]
[Site "Ho Chi Minh City VIE"]
[Date "2009.07.24"]
[Round "3"]
[White "Cua, Shercila"]
[Black "Ton Nu Hong An"]
[Result "1-0"]
[WhiteElo "2167"]
[BlackElo "2046"]
[EventDate "2009.07.23"]
[PlyCount "101"]

1.d4 g6 2.c4 Bg7 3.Nc3 Nf6 4.e4 d6 5.f3 O-O 6.Be3 Nbd7 7.Bd3 c6 8.Nge2 e5 
9.Qd2 exd4 10.Nxd4 Nc5 11.Be2 Qc7 12.O-O Ne6 13.Nb3 Rd8 14.Rad1 b6 15.f4 
Ba6 16.Nc1 Nc5 17.Qc2 Qe7 18.Bxc5 bxc5 19.b3 Bc8 20.h3 Ne8 21.Kh2 Nc7 22.
Bf3 g5 23.e5 Bb7 24.Ne4 dxe5 25.fxg5 Ne6 26.h4 h6 27.Bg4 Rxd1 28.Qxd1 hxg5
29.Bxe6 Qxe6 30.hxg5 Qg6 31.Qf3 Rd8 32.Nd3 Rd4 33.Ndxc5 Bc8 34.Rf2 a5 35.
Rf1 a4 36.Rf2 axb3 37.axb3 Bf8 38.Nf6+ Kh8 39.Nce4 Be6 40.Ra2 Rd8 41.Qg3 
Be7 42.Qxe5 Qg7 43.Ra1 Bxf6 44.Nxf6 Qg6 45.Rh1 Kg7 46.Nd5+ f6 47.Qxe6 Rh8+
48.Kg1 Qb1+ 49.Kf2 Qb2+ 50.Kf3 Qxb3+ 51.Ne3 1-0

[Event "zonal 3.3 (w)"]
[Site "Ho Chi Minh City VIE"]
[Date "2009.07.24"]
[Round "3"]
[White "Luong Nhat Linh"]
[Black "Nguyen Thi Mai Hung"]
[Result "0-1"]
[WhiteElo "1952"]
[BlackElo "2219"]
[EventDate "2009.07.23"]
[PlyCount "76"]

1.c4 e6 2.Nc3 d5 3.d4 c6 4.Nf3 dxc4 5.a4 Bb4 6.e3 b5 7.Bd2 Qb6 8.Ne5 Nf6 
9.axb5 cxb5 10.b3 Nd5 11.Qf3 O-O 12.Nxd5 Bxd2+ 13.Kxd2 exd5 14.Qxd5 Bb7 
15.Qc5 Qxc5 16.dxc5 f6 17.Nf3 Nd7 18.bxc4 b4 19.Ra5 Rfc8 20.Rb5 Nxc5 21.
Rxb4 a5 22.Rb2 a4 23.Nd4 a3 24.Ra2 Ne4+ 25.Kd3 Nd6 26.Nb5 Nxc4 27.Kd4 Ra4 
28.Nc3 Rb4 29.Kd3 Ne5+ 30.Kd2 Rb3 31.Nb5 Rb2+ 32.Rxb2 axb2 33.Be2 Be4 34.
Na3 Ra8 35.Nb1 Ra1 36.Kc3 Rxb1 37.Rxb1 Bxb1 38.Kxb2 Bd3 0-1

[Event "zonal 3.3 (w)"]
[Site "Ho Chi Minh City VIE"]
[Date "2009.07.24"]
[Round "3"]
[White "Chan Wei Yi, Victoria"]
[Black "Cua, Sherily"]
[Result "1/2-1/2"]
[WhiteElo "1912"]
[BlackElo "2174"]
[EventDate "2009.07.23"]
[PlyCount "82"]

1.d4 d5 2.c4 e6 3.Nc3 Nf6 4.Bg5 c6 5.e3 Nbd7 6.Bd3 dxc4 7.Bxc4 b5 8.Bd3 a6
9.Nf3 Be7 10.O-O Bb7 11.a3 c5 12.Qe2 O-O 13.Rfd1 c4 14.Bc2 Qc7 15.Rac1 
Rfd8 16.e4 e5 17.dxe5 Nxe5 18.Nxe5 Qxe5 19.f4 Qc7 20.e5 Bc5+ 21.Kh1 Rxd1+ 
22.Rxd1 Ne8 23.Qg4 Bc6 24.Ne4 Be7 25.Ng3 g6 26.Be4 Bxe4 27.Nxe4 Rd8 28.
Rxd8 Qxd8 29.Bxe7 Qxe7 30.Qc8 Kg7 31.g3 a5 32.Kg2 f6 33.Nxf6 Nxf6 34.exf6+
Kxf6 35.Qc6+ Kg7 36.Kf3 b4 37.Qxc4 bxa3 38.Qc3+ Kh6 39.bxa3 Qb7+ 40.Ke3 
Qb6+ 41.Kf3 Qb7+ 1/2-1/2

[Event "zonal 3.3 (w)"]
[Site "Ho Chi Minh City VIE"]
[Date "2009.07.24"]
[Round "3"]
[White "Le Hoang Tran Chau"]
[Black "Nguyen Thi Hanh"]
[Result "1-0"]
[WhiteElo "2073"]
[BlackElo "1975"]
[EventDate "2009.07.23"]
[PlyCount "105"]

1.d4 f5 2.Nf3 Nf6 3.c4 e6 4.e3 d5 5.Bd3 c6 6.b3 Be7 7.Nbd2 O-O 8.Ne5 Nbd7 
9.Ndf3 Ne4 10.O-O Bd6 11.Bb2 Rf6 12.Qc2 Rh6 13.Rfc1 g5 14.Ne1 Qc7 15.cxd5 
exd5 16.f4 gxf4 17.exf4 Nxe5 18.Bxe4 fxe4 19.dxe5 Qb6+ 20.Kh1 Be7 21.Qe2 
Rh4 22.g3 Bg4 23.Qd2 Rh5 24.Bd4 Qb5 25.Qf2 Ba3 26.Rc2 b6 27.b4 e3 28.Bxe3 
Bf5 29.Rc3 Bxb4 30.a4 Qa5 31.Rcc1 Be4+ 32.Kg1 c5 33.Qe2 Rf5 34.Nf3 Raf8 
35.Ng5 h6 36.Nxe4 dxe4 37.Qc4+ Kh8 38.Qxe4 Bc3 39.Ra2 Qb4 40.Qxb4 cxb4 41.
Rac2 Rd8 42.Kg2 Rd3 43.Kf3 Rf8 44.Ke4 Rfd8 45.g4 R3d5 46.Rxc3 bxc3 47.Rxc3
Ra5 48.Rc4 Re8 49.Bd4 Kg8 50.h4 Kg7 51.f5 Rg8 52.Rc7+ Kf8 53.Rc8+ 1-0

[Event "zonal 3.3 (w)"]
[Site "Ho Chi Minh City VIE"]
[Date "2009.07.24"]
[Round "3"]
[White "Nguyen Thi Diem Huong"]
[Black "Citra, Dewi Andhiani Anastasia"]
[Result "0-1"]
[WhiteElo "2007"]
[BlackElo "1923"]
[EventDate "2009.07.23"]
[PlyCount "194"]

1.e4 c5 2.Nf3 d6 3.d4 cxd4 4.Nxd4 Nf6 5.Nc3 e6 6.Be3 a6 7.f3 b5 8.g4 h6 9.
Qd2 Nbd7 10.O-O-O Bb7 11.h4 b4 12.Nce2 d5 13.Rg1 dxe4 14.g5 exf3 15.Nf4 
Ne4 16.Qe1 hxg5 17.hxg5 e5 18.Nxf3 exf4 19.Bxf4 Bc5 20.Rg2 Qe7 21.Re2 
O-O-O 22.Bg2 Qe6 23.Kb1 Qf5 24.Nd4 Qxf4 25.Bxe4 Bxe4 26.Rxe4 Qc7 27.Nf5 
Nb6 28.Rc1 g6 29.Ne7+ Kb8 30.c3 b3 31.c4 Rhe8 32.Nd5 Rxe4 33.Qxe4 bxa2+ 
34.Kxa2 Nxd5 35.cxd5 Qd6 36.Rd1 Rd7 37.Rd3 Ka7 38.Qc4 Rb7 39.Rc3 Rc7 40.
Qe4 Rd7 41.Rd3 f5 42.gxf6 Qxf6 43.Rg3 Qf5 44.Qc4 Bb6 45.Qc6 Qxd5+ 46.Qxd5 
Rxd5 47.Rxg6 Bd4 48.Rg2 Kb6 49.Rc2 Ra5+ 50.Kb3 Rb5+ 51.Ka2 Be5 52.Re2 Kc6 
53.Rd2 Kc5 54.Rc2+ Kb4 55.Re2 Kc4 56.Rc2+ Kd3 57.Rf2 Bd4 58.Rg2 a5 59.Rh2 
Be3 60.Kb1 Rc5 61.Rh8 Bf4 62.Rg8 Be3 63.Rd8+ Bd4 64.Rg8 Rf5 65.Rb8 Rf1+ 
66.Ka2 Rc1 67.Rb7 Rc4 68.Rh7 Be3 69.Kb1 Rb4 70.Rh2 Bd4 71.Rg2 a4 72.Ka2 
Be5 73.Rf2 Ke3 74.Rc2 Rb3 75.Rg2 Kd3 76.Rf2 Bd4 77.Rg2 Kc4 78.Rd2 Rf3 79.
Rc2+ Kb5 80.Rd2 Kc5 81.Rc2+ Kb4 82.Rd2 Bf6 83.Re2 Rd3 84.Re8 Rb3 85.Re4+ 
Kb5 86.Re2 Bd4 87.Rc2 Be3 88.Rg2 Rd3 89.Rg8 Rd2 90.Rb8+ Bb6 91.Ra8 Bc5 92.
Rb8+ Kc4 93.Kb1 a3 94.Rc8 Kb3 95.Rb8+ Bb4 96.Kc1 Rd7 97.Rb6 Re7 0-1

[Event "zonal 3.3 (w)"]
[Site "Ho Chi Minh City VIE"]
[Date "2009.07.25"]
[Round "4"]
[White "Batkhuyag, Munguntuul"]
[Black "Nguyen Thi Tuong Van"]
[Result "1-0"]
[WhiteElo "2412"]
[BlackElo "2246"]
[EventDate "2009.07.23"]
[PlyCount "81"]

1.e4 e5 2.Nf3 Nc6 3.Bb5 a6 4.Ba4 Nf6 5.O-O Be7 6.Re1 b5 7.Bb3 O-O 8.h3 d6 
9.c3 Na5 10.Bc2 c5 11.d4 Nc6 12.d5 Nb8 13.a4 Bb7 14.b3 Nbd7 15.Nbd2 Qc7 
16.Qe2 Rfc8 17.Bd3 c4 18.bxc4 bxa4 19.Rxa4 Nc5 20.Ra1 a5 21.Bc2 Ba6 22.Ba3
Nfd7 23.Reb1 Rab8 24.Qd1 Rxb1 25.Qxb1 h6 26.Qa2 Bd8 27.Ne1 Bg5 28.Nef3 Bd8
29.Kh2 Qa7 30.Nf1 Nb6 31.Ne3 Qe7 32.Bc1 a4 33.Ba3 Qf6 34.Kg1 Qf4 35.Nf5 
Bxc4 36.Qb1 Bb3 37.Nxd6 Bxc2 38.Qxc2 Nb3 39.Re1 Rc7 40.Qd3 Rd7 41.Nf5 1-0

[Event "zonal 3.3 (w)"]
[Site "Ho Chi Minh City VIE"]
[Date "2009.07.25"]
[Round "4"]
[White "Nguyen Quynh Anh"]
[Black "Nguyen Thi Thanh An"]
[Result "1/2-1/2"]
[WhiteElo "2102"]
[BlackElo "2330"]
[EventDate "2009.07.23"]
[PlyCount "67"]

1.e4 c5 2.Nf3 Nc6 3.d4 cxd4 4.Nxd4 Nf6 5.Nc3 e5 6.Ndb5 d6 7.Nd5 Nxd5 8.
exd5 Ne7 9.c4 Nf5 10.Bd3 g6 11.O-O a6 12.Nc3 Bg7 13.Kh1 O-O 14.f4 Re8 15.
Qf3 Nd4 16.Qf2 f5 17.Be3 Bd7 18.Rac1 Rc8 19.b4 Qf6 20.Rfd1 exf4 21.Qxf4 
Rxe3 22.Qxe3 f4 23.Qf2 g5 24.Ne4 Qh6 25.Bb1 Nf5 26.g3 fxg3 27.Nxg3 Nxg3+ 
28.Qxg3 Be5 29.Qg1 Kh8 30.Rf1 Bf4 31.Rce1 Rxc4 32.Re7 Bh3 33.Rfe1 Bg4 34.
Rf1 1/2-1/2

[Event "zonal 3.3 (w)"]
[Site "Ho Chi Minh City VIE"]
[Date "2009.07.25"]
[Round "4"]
[White "Le Thanh Tu"]
[Black "Vo Thi Kim Phung"]
[Result "1-0"]
[WhiteElo "2310"]
[BlackElo "2073"]
[EventDate "2009.07.23"]
[PlyCount "147"]

1.c4 Nf6 2.Nc3 e6 3.Nf3 Be7 4.g3 d5 5.d4 O-O 6.Bg2 dxc4 7.O-O c5 8.dxc5 
Qa5 9.Qd4 Qxc5 10.Qxc5 Bxc5 11.Nd2 Nc6 12.Nxc4 a5 13.Bf4 Ra6 14.Rfd1 e5 
15.Be3 Bxe3 16.Nxe3 Be6 17.Na4 Nd4 18.Kf1 b5 19.Nc5 Rb6 20.Nd3 Ng4 21.Nxg4
Bxg4 22.Rd2 f6 23.h3 Bf5 24.e3 Ne6 25.Nc1 Rd8 26.Rxd8+ Nxd8 27.Nb3 a4 28.
Nc5 Ne6 29.Rc1 Rd6 30.g4 Nxc5 31.gxf5 Na6 32.Bc6 Nc7 33.Ke2 a3 34.bxa3 g6 
35.fxg6 hxg6 36.Be4 Ne6 37.Bxg6 Ra6 38.Rc3 Kf8 39.Bd3 Ra5 40.Rb3 Nc7 41.
Kd2 Ke7 42.Be4 Ra4 43.Bd3 Ra5 44.Kc3 Kd6 45.Kb2 Kd5 46.Rb4 Kc5 47.h4 Ra8 
48.h5 Rd8 49.Kc2 Rh8 50.Rh4 Rh6 51.Bg6 Nd5 52.Kb3 Ne7 53.Rg4 Rh8 54.a4 
bxa4+ 55.Rxa4 Rb8+ 56.Kc2 f5 57.Ra5+ Kd6 58.Ra6+ Kd5 59.Kd3 Nc6 60.Ke2 f4 
61.Kf3 Nb4 62.Ra5+ Kd6 63.exf4 exf4 64.Kxf4 Rf8+ 65.Kg3 Nd5 66.Ra7 Ke5 67.
Rf7 Ra8 68.f4+ Kd6 69.h6 Rxa2 70.Rf8 Ra3+ 71.Kh4 Ne7 72.f5 Rf3 73.h7 Nxg6+
74.fxg6 1-0

[Event "zonal 3.3 (w)"]
[Site "Ho Chi Minh City VIE"]
[Date "2009.07.25"]
[Round "4"]
[White "Hoang Thi Bao Tram"]
[Black "Enkhtuul, Altanulzii"]
[Result "1-0"]
[WhiteElo "2274"]
[BlackElo "2051"]
[EventDate "2009.07.23"]
[PlyCount "71"]

1.d4 Nf6 2.Nf3 c5 3.c3 e6 4.e3 d5 5.Ne5 Bd6 6.Bd3 Bxe5 7.dxe5 Nfd7 8.f4 c4
9.Bc2 Qh4+ 10.g3 Qh3 11.Qe2 b6 12.Nd2 Nc5 13.b4 cxb3 14.axb3 Ba6 15.Rxa6 
Ncxa6 16.Qb5+ Kd8 17.Kf2 Nc7 18.Qb4 Kc8 19.Nf3 Nc6 20.Qa4 Kb7 21.e4 Rac8 
22.Be3 Rhd8 23.Ra1 Ra8 24.Bd3 a6 25.Bf1 Qh5 26.Bg2 Nb5 27.exd5 exd5 28.Rc1
Ka7 29.c4 dxc4 30.bxc4 Nbd4 31.Ra1 a5 32.Rd1 Rac8 33.Nxd4 Nxd4 34.Rxd4 
Rxd4 35.Bxd4 Qg6 36.Qd7+ 1-0

[Event "zonal 3.3 (w)"]
[Site "Ho Chi Minh City VIE"]
[Date "2009.07.25"]
[Round "4"]
[White "Le Kieu Thien Kim"]
[Black "Le Hoang Tran Chau"]
[Result "1-0"]
[WhiteElo "2250"]
[BlackElo "2073"]
[EventDate "2009.07.23"]
[PlyCount "75"]

1.d4 e6 2.Nf3 b6 3.e4 Bb7 4.Bd3 c5 5.c3 d6 6.O-O Nf6 7.Bb5+ Nfd7 8.dxc5 
dxc5 9.Qe2 a6 10.Ba4 Be7 11.Bf4 O-O 12.Nbd2 Qc8 13.e5 Rd8 14.Ne4 Qc7 15.
Bg3 c4 16.Bc2 Nf8 17.Nfg5 h6 18.Nf3 Nbd7 19.Rad1 b5 20.Nd4 Nxe5 21.Rde1 
Nfd7 22.f4 Nc6 23.f5 e5 24.f6 Nxd4 25.cxd4 Nxf6 26.Bxe5 Qb6 27.Nxf6+ Bxf6 
28.Bxf6 gxf6 29.Rf4 Bc8 30.Qe4 Be6 31.Qh7+ Kf8 32.Qxh6+ Ke8 33.Qxf6 Kd7 
34.Bf5 Re8 35.Qxf7+ Re7 36.Rxe6 Rxf7 37.Rxb6+ Kc7 38.Re6 1-0

[Event "zonal 3.3 (w)"]
[Site "Ho Chi Minh City VIE"]
[Date "2009.07.25"]
[Round "4"]
[White "Pham Bich Ngoc"]
[Black "Le Thi Phuong Lien"]
[Result "1-0"]
[WhiteElo "2105"]
[BlackElo "2216"]
[EventDate "2009.07.23"]
[PlyCount "51"]

1.c4 e5 2.g3 Nf6 3.Bg2 Nc6 4.Nc3 Bc5 5.a3 Bd4 6.d3 O-O 7.Bd2 Bxc3 8.Bxc3 
d5 9.Nf3 Re8 10.O-O h6 11.b4 e4 12.Nd4 Ne5 13.c5 c6 14.f3 Bd7 15.dxe4 dxe4
16.fxe4 Nfg4 17.Qc1 Qc7 18.Nf3 Ng6 19.Bb2 Rxe4 20.Nh4 Nxh2 21.Qc3 f6 22.
Bxe4 Nxf1 23.Qb3+ Kh8 24.Nxg6+ Kh7 25.Rxf1 f5 26.Be5 1-0

[Event "zonal 3.3 (w)"]
[Site "Ho Chi Minh City VIE"]
[Date "2009.07.25"]
[Round "4"]
[White "Pham Le Thao Nguyen"]
[Black "Luong Nhat Linh"]
[Result "1-0"]
[WhiteElo "2314"]
[BlackElo "1952"]
[EventDate "2009.07.23"]
[PlyCount "101"]

1.Nf3 d6 2.d4 Nf6 3.c4 g6 4.Nc3 Bg7 5.e4 O-O 6.h3 Nbd7 7.Bg5 h6 8.Be3 e5 
9.Bd3 Re8 10.O-O exd4 11.Nxd4 Nc5 12.Qc2 Bd7 13.Rfe1 a5 14.Rad1 Kh7 15.Qb1
Nxd3 16.Qxd3 Qc8 17.Bc1 Bc6 18.c5 dxc5 19.Nxc6 bxc6 20.e5 Ng8 21.Qc4 Qf5 
22.f4 g5 23.g4 Qe6 24.Qd3+ Kh8 25.f5 Qc8 26.f6 Nxf6 27.exf6 Bxf6 28.Kg2 
Kg7 29.Ne4 Bd4 30.Ng3 Re6 31.Nf5+ Kf8 32.Nxd4 cxd4 33.Qxd4 Kg8 34.b3 c5 
35.Qd5 Rd6 36.Qf3 Raa6 37.Bb2 Qd8 38.Qc3 Qa8+ 39.Kg1 f6 40.Qc2 Rxd1 41.
Qg6+ Kf8 42.Qxh6+ Kg8 43.Qg6+ Kf8 44.Rxd1 Qe8 45.Qxe8+ Kxe8 46.Ba3 c4 47.
bxc4 Rc6 48.c5 Ke7 49.Kf2 Ke6 50.Rd8 Ke5 51.Ke3 1-0

[Event "zonal 3.3 (w)"]
[Site "Ho Chi Minh City VIE"]
[Date "2009.07.25"]
[Round "4"]
[White "Cua, Sherily"]
[Black "Pham Thi Ngoc Tu"]
[Result "0-1"]
[WhiteElo "2174"]
[BlackElo "2089"]
[EventDate "2009.07.23"]
[PlyCount "112"]

1.d4 d5 2.c4 e6 3.Nf3 c6 4.Nbd2 Nf6 5.g3 Bd6 6.Bg2 Nbd7 7.O-O O-O 8.b3 e5 
9.dxe5 Nxe5 10.cxd5 cxd5 11.Bb2 Qe7 12.Nd4 a6 13.Qc2 Ng6 14.Nf5 Bxf5 15.
Qxf5 Be5 16.Bxe5 Nxe5 17.Rac1 Rad8 18.Qc2 Nc6 19.Nf3 d4 20.Nh4 Nb4 21.Qd2 
g6 22.Rc4 d3 23.exd3 Nxd3 24.Qg5 Rd7 25.Nf5 Qe5 26.Nh6+ Kg7 27.h4 Qxg5 28.
hxg5 Ng8 29.Rd1 Rfd8 30.Nxg8 Kxg8 31.Be4 b5 32.Rc3 Ne5 33.Rxd7 Rxd7 34.
Rc8+ Kg7 35.Ra8 Ng4 36.Rxa6 Rd1+ 37.Kg2 Rd2 38.b4 Nxf2 39.Kf3 Nd1 40.Bc6 
Nc3 41.a3 Rd3+ 42.Kf2 Rd6 43.Bb7 Rd7 44.Bc6 Rd6 45.Bb7 Rd7 46.Bc6 Re7 47.
Kf3 Re5 48.Kf4 Rf5+ 49.Kg4 Nd1 50.Ra5 Nc3 51.Ra8 h6 52.gxh6+ Kxh6 53.Rd8 
Rf6 54.Be8 Rf5 55.Rd3 Ne4 56.Rd8 Nf2+ 0-1

[Event "zonal 3.3 (w)"]
[Site "Ho Chi Minh City VIE"]
[Date "2009.07.25"]
[Round "4"]
[White "Chan Wei Yi, Victoria"]
[Black "Cua, Shercila"]
[Result "0-1"]
[WhiteElo "1912"]
[BlackElo "2167"]
[EventDate "2009.07.23"]
[PlyCount "136"]

1.d4 d5 2.c4 c6 3.Nf3 Nf6 4.Nc3 dxc4 5.a4 Bf5 6.e3 e6 7.Bxc4 Nbd7 8.O-O 
Bb4 9.Nh4 Bg4 10.f3 Bh5 11.g4 Bg6 12.e4 Qa5 13.Na2 Nb6 14.Qc2 Rd8 15.Be3 
Nxc4 16.Qxc4 Bd2 17.Bf2 Bf4 18.Ng2 Bb8 19.Nc3 O-O 20.b4 Qc7 21.Bg3 Qc8 22.
Bh4 Rd7 23.Rad1 Qc7 24.e5 Nd5 25.Nxd5 cxd5 26.Qc5 b6 27.Qb5 Qb7 28.Rc1 Rc8
29.Bg5 h6 30.Bd2 Bc2 31.a5 bxa5 32.Qxb7 Rxb7 33.bxa5 Rc6 34.Ne3 Ba4 35.Rb1
Rb5 36.Kf2 a6 37.Rbc1 Rb2 38.Rxc6 Bxc6 39.Ke1 Ba7 40.Nd1 Rc2 41.Bc3 Rxh2 
42.Nf2 Bb5 43.Rg1 f6 44.f4 g5 45.exf6 Kf7 46.fxg5 hxg5 47.Rg3 e5 48.Rf3 e4
49.Rh3 Rxh3 50.Nxh3 Kxf6 51.Kf2 Bd7 52.Ke3 Bxg4 53.Nf2 Kf5 54.Bb4 Bb8 55.
Kd2 Bf4+ 56.Kc3 Bg3 57.Nh1 Be1+ 58.Kb3 Bd1+ 59.Ka3 Bh4 60.Bd2 Kg4 61.Kb4 
Kf3 62.Kc5 Bb3 63.Kb4 Bc4 64.Kc3 Kg2 65.Ng3 Kxg3 66.Be3 Kf3 67.Kd2 Be1+ 
68.Kxe1 Kxe3 0-1

[Event "zonal 3.3 (w)"]
[Site "Ho Chi Minh City VIE"]
[Date "2009.07.25"]
[Round "4"]
[White "Aulia, Medina Warda"]
[Black "Hoang Thi Nhu Y"]
[Result "1/2-1/2"]
[WhiteElo "1945"]
[BlackElo "2119"]
[EventDate "2009.07.23"]
[PlyCount "108"]

1.e4 d5 2.exd5 Qxd5 3.Nc3 Qa5 4.d4 c6 5.Nf3 Nf6 6.Bd2 Qc7 7.Bc4 e6 8.Qe2 
Be7 9.O-O O-O 10.Rfe1 b5 11.Bd3 a6 12.a3 a5 13.Ne5 Nbd7 14.Qf3 Nxe5 15.
dxe5 Nd5 16.Qh3 g6 17.Qg3 Nxc3 18.Bxc3 Ba6 19.Bd2 c5 20.a4 b4 21.Be4 Bb7 
22.Bg5 Rfd8 23.c3 bxc3 24.bxc3 c4 25.Qh4 Bxg5 26.Qxg5 Bxe4 27.Rxe4 Qc6 28.
Rh4 Qxa4 29.Rf1 Rd1 30.g3 Rad8 31.Qh6 Rxf1+ 32.Kxf1 Qd1+ 33.Kg2 Qd5+ 34.
Kh3 Qxe5 35.Qxh7+ Kf8 36.Rxc4 Ke7 37.Qh4+ g5 38.Qe4 Qxe4 39.Rxe4 f5 40.Ra4
g4+ 41.Kg2 Rc8 42.c4 Ra8 43.f3 Kd6 44.fxg4 fxg4 45.Kf2 Ke5 46.Ke3 Ra6 47.
Kd3 Kf5 48.c5 e5 49.Kc4 Rh6 50.Rxa5 Rxh2 51.Ra3 Ke6 52.Ra6+ Kf5 53.Ra3 Ke6
54.Ra6+ Kf5 1/2-1/2